Normal view
MARC view
- Er. Jippu Jacob (Guide)
Entry Personal Name
001 - CONTROL NUMBER
- control field: 2268
003 - CONTROL NUMBER IDENTIFIER
- control field: OSt
005 - DATE AND TIME OF LATEST TRANSACTION
- control field: 20171218154708.0
008 - FIXED-LENGTH DATA ELEMENTS
- fixed length control field: 171218|| aca||aabn | a|a d
040 ## - CATALOGING SOURCE
- Original cataloging agency: OSt
- Transcribing agency: OSt
100 ## - HEADING--PERSONAL NAME
- Personal name: Er. Jippu Jacob (Guide)
670 ## - SOURCE DATA FOUND
- Source citation: Work cat.: (OSt): ANU S. CHANDRAN ANEESH MOHAN SHABEENA P.K 2267, Development of a power - operated coconut husking machine
